The age of sustainable development / (Registro nro. 19463)
[ vista simple ]
| 000 -CABECERA | |
|---|---|
| Campo de control | 01157cam a2200301 i 4500 |
| 005 - FECHA Y HORA DE LA ULTIMA TRANSACCION | |
| Campo de control | 20200104041755.0 |
| 008 - ELEMENTOS DE LONGITUD FIJA—INFORMACION GENERAL | |
| Campo de control | 141204s2015 nyuabdo b 001 0 eng |
| 020 ## - ISBN | |
| ISBN | 9780231173148 (paño) |
| 020 ## - ISBN | |
| ISBN | 9780231173155 (rústica) |
| 020 ## - ISBN | |
| ISBN Cancelado/ Invalidado | 9780231539005 (digital) |
| 040 ## - FUENTE DE CATALOGACIÓN | |
| Agencia catalogadora original | DLC |
| Agencia transcriptora | DLC |
| Agencia Modificadora | DLC |
| -- | CO-BoIAVH |
| 041 0# - IDIOMA | |
| Código de idioma para texto/pista de sonido o título separado | Inglés |
| 044 ## - PAÍS DE PUBLICACIÓN | |
| País de publicación | Estados Unidos |
| 082 00 - NUMERO DE CLASIFICACION DECIMAL DEWEY | |
| Número de clasificación | 338.927 |
| Número del ítem | S12t |
| 100 1# - ASIENTO PRINCIPAL--NOMBRE PERSONAL | |
| Nombre personal | Sachs, Jeffrey |
| Término relacionado | autor |
| 9 (RLIN) | 80965 |
| 245 14 - MENCION DE TITULO | |
| Título | The age of sustainable development / |
| Mención de responsabilidad | Jeffrey D. Sachs. |
| 260 ## - PUBLICACION, DISTRIBUCION, ETC. (PIE DE IMPRENTA) | |
| Lugar de publicación, distribución, etc. | Nueva York (Estados Unidos) : |
| Nombre del editor, distribuidor, etc. | Columbia University Press, |
| Fecha de publicación, distribución, etc. | c2015. |
| 300 ## - DESCRIPCION FISICA | |
| Extensión | xvi, 543 páginas : |
| Otros detalles físicos | ilustraciones (algunas a color), mapas a color, gráficas y fotografías a color ; |
| Dimensiones | 24 x 19 cm |
| 504 ## - NOTA DE BIBLIOGRAFIA, ETC. | |
| Nota de bibliografía | Incluye referencias bibliográficas (páginas 513 - 519) e índice. |
| 590 ## - NOTA LOCAL | |
| Nota local | Comprado en Amazon (06/04/2017). |
| 650 16 - ASIENTO SECUNDARIO DE MATERIA - TERMINO TEMATICO | |
| Término temático o nombre geográfico como elemento de entrada | Desarrollo sostenible |
| 9 (RLIN) | 278 |
| 650 26 - ASIENTO SECUNDARIO DE MATERIA - TERMINO TEMATICO | |
| Término temático o nombre geográfico como elemento de entrada | Desarrollo económico |
| Subdivisión general | Aspectos ambientales |
| 9 (RLIN) | 80968 |
| 650 26 - ASIENTO SECUNDARIO DE MATERIA - TERMINO TEMATICO | |
| Término temático o nombre geográfico como elemento de entrada | Educación |
| 9 (RLIN) | 80969 |
| 650 26 - ASIENTO SECUNDARIO DE MATERIA - TERMINO TEMATICO | |
| Término temático o nombre geográfico como elemento de entrada | Integración social |
| 9 (RLIN) | 80966 |
| 650 26 - ASIENTO SECUNDARIO DE MATERIA - TERMINO TEMATICO | |
| Término temático o nombre geográfico como elemento de entrada | Seguridad alimentaria |
| 9 (RLIN) | 1807 |
| 650 26 - ASIENTO SECUNDARIO DE MATERIA - TERMINO TEMATICO | |
| Término temático o nombre geográfico como elemento de entrada | Conservación de la diversidad biológica |
| 9 (RLIN) | 80971 |
| 942 ## - ELEMENTOS ADICIONALES (KOHA) | |
| Sistema de clasificación | Dewey Decimal Classification |
| Tipo de ítem | Libro |
| Koha issues (borrowed), all copies | 2 |
| Withdrawn status | Lost status | Sistema de Clasificación | Damaged status | No para préstamo | Colección | Ubicación Permanente | Ubicación actual | Fecha de adquisición | Fuente de Valor | Total Checkouts | Total Renewals | Número topográfico | Inventario / Código de Barras | Date last seen | Date checked out | Ejemplar | Price effective from | Forma de adquisición | Tipo de material |
|---|---|---|---|---|---|---|---|---|---|---|---|---|---|---|---|---|---|---|---|
| Dewey Decimal Classification | General | Bogotá | Bogotá | 06/04/2017 | Instituto Humboldt | 2 | 1 | LB-338.927 S12t | 041159 | 04/12/2017 | 30/09/2017 | Ej. 1 | 06/04/2017 | Compra | Libro |